Top 20 Olympic athlete medal winners - Statistics

General Stats
  • This quiz has been taken 65 times
    28 since last reset
  • The average score is 3 of 20
Answer Stats
Olympic medals / Country / Event Athlete % Correct
28, U.S.A. Swimming Michael Phelps
100%
11, U.S.A. Swimming Mark Spitz
50%
12, U.S.A Swimming Ryan Lochte
36%
13, Norway, Biathlon Ole Einar Bjørndalen
32%
12, Finland, Athletics Paavo Nurmi
18%
11, U.S.A. Swimming Matt Biondi
14%
12, Germany, Canoeing Birgit Fischer
9%
12, Japan, Gymnastics Sawao Kato
5%
13, Japan, Gymnastics Takashi Ono
5%
11, Czechoslovakia, Gymnastics Věra Čáslavská
5%
12, Russia, Gymnastics Alexei Nemov
0%
12, Norway, Cross Country Skiing Bjørn Dæhlie
0%
13, U.S.S.R. Gymnastics Boris Shakhlin
0%
12, U.S.A. Swimming Dara Torres
0%
13, Italy, Fencing Edoardo Mangiarotti
0%
12, U.S.A. Swimming Jenny Thompson
0%
18, U.S.S.R. Gymnastics Larisa Latynina
0%
12, U.S.A. Swimming Natalie Coughlin
0%
15, U.S.S.R. Gymnastics Nikolai Andrianov
0%
11, U.S.S.R. Gymnastics Viktor Chukarin
0%
No matching quizzes found
Score Distribution
Percent of People with Each Score
Percentile by Number Answered
Your Score History
You have not taken this quiz since the last reset